<?xml version="1.0" encoding="UTF-8"?>
<record
    xmlns:xsi="http://www.w3.org/2001/XMLSchema-instance"
    xsi:schemaLocation="http://www.loc.gov/MARC21/slim http://www.loc.gov/standards/marcxml/schema/MARC21slim.xsd"
    xmlns="http://www.loc.gov/MARC21/slim">

  <leader>00760nam a22001817a 4500</leader>
  <controlfield tag="003">BDDh-ASL</controlfield>
  <controlfield tag="005">20231015031313.0</controlfield>
  <controlfield tag="008">230405s2009    b  ||||| |||| 00| 0 eng d</controlfield>
  <datafield tag="040" ind1=" " ind2=" ">
    <subfield code="a">BDDh-ASL</subfield>
    <subfield code="c">BDDh-ASL</subfield>
  </datafield>
  <datafield tag="041" ind1=" " ind2=" ">
    <subfield code="a">eng</subfield>
  </datafield>
  <datafield tag="082" ind1=" " ind2=" ">
    <subfield code="a">910</subfield>
    <subfield code="b">AHS</subfield>
  </datafield>
  <datafield tag="100" ind1="1" ind2=" ">
    <subfield code="a">Ahmad, Mohiuddin</subfield>
    <subfield code="9">2576</subfield>
  </datafield>
  <datafield tag="245" ind1="1" ind2="0">
    <subfield code="a">Seoul Diary / </subfield>
  </datafield>
  <datafield tag="260" ind1=" " ind2=" ">
    <subfield code="a">Dhaka : </subfield>
    <subfield code="b">Ayan Prokashhan, </subfield>
    <subfield code="c">2009. </subfield>
  </datafield>
  <datafield tag="300" ind1=" " ind2=" ">
    <subfield code="a">112 p. : </subfield>
    <subfield code="b">ills. ;</subfield>
    <subfield code="c">22 cm. </subfield>
  </datafield>
  <datafield tag="650" ind1=" " ind2="0">
    <subfield code="a">Travel, Travelouge, &#x9AD;&#x9CD;&#x9B0;&#x9AE;&#x9A3;&#x995;&#x9BE;&#x9B9;&#x9BF;&#x9A8;&#x9C0;, Bhrama&#x1E47;ak&#x101;hin&#x12B;, &#x9AD;&#x9CD;&#x9B0;&#x9AE;&#x9A3;, Bhrama&#x1E47;a, &#x9AA;&#x9B0;&#x9CD;&#x9AF;&#x99F;&#x9A8;, travel, tour, journey, excursion, peregrination, pathway, &#x9AA;&#x9B0;&#x9BF;&#x9AD;&#x9CD;&#x9B0;&#x9AE;&#x9A3; &#x995;&#x9B0;&#x9BE;, Travel Guide, &#x9AD;&#x9CD;&#x9B0;&#x9AE;&#x9A3; &#x9B8;&#x9BE;&#x9B9;&#x9BE;&#x9AF;&#x9CD;&#x9AF;&#x995;&#x9BE;&#x9B0;&#x9C0;, Bhrama&#x1E47;a s&#x101;h&#x101;yyak&#x101;r&#x12B;</subfield>
    <subfield code="9">7139</subfield>
  </datafield>
  <datafield tag="942" ind1=" " ind2=" ">
    <subfield code="2">ddc</subfield>
    <subfield code="c">BK</subfield>
  </datafield>
  <datafield tag="952" ind1=" " ind2=" ">
    <subfield code="0">0</subfield>
    <subfield code="1">0</subfield>
    <subfield code="2">ddc</subfield>
    <subfield code="4">0</subfield>
    <subfield code="7">0</subfield>
    <subfield code="8">NFIC</subfield>
    <subfield code="a">ASL</subfield>
    <subfield code="b">ASL</subfield>
    <subfield code="c">GEN</subfield>
    <subfield code="d">2023-04-05</subfield>
    <subfield code="e">Complimentary</subfield>
    <subfield code="l">0</subfield>
    <subfield code="o">910 AHS</subfield>
    <subfield code="p">120432</subfield>
    <subfield code="r">2023-04-05 00:00:00</subfield>
    <subfield code="t">C-1</subfield>
    <subfield code="w">2023-04-05</subfield>
    <subfield code="y">BK</subfield>
    <subfield code="z">Y-2009</subfield>
  </datafield>
  <datafield tag="999" ind1=" " ind2=" ">
    <subfield code="c">31709</subfield>
    <subfield code="d">31709</subfield>
  </datafield>
</record>
